Central Library OPAC University of Rajshahi

Insects as natural enemies : (Record no. 36988)

MARC details
000 -LEADER
fixed length control field 00979nam a2200301 a 4500
001 - CONTROL NUMBER
control field 36988
003 - CONTROL NUMBER IDENTIFIER
rucl marc code BD-RjUL
005 - DATE AND TIME OF LATEST TRANSACTION
control field 20211209052550.0
008 - FIXED-LENGTH DATA ELEMENTS--GENERAL INFORMATION
fixed length control field 140929s2005 ne a b 001 0 eng d
020 ## - INTERNATIONAL STANDARD BOOK NUMBER
International Standard Book Number 1402017340
International Standard Book Number 9781402017346
035 ## - SYSTEM CONTROL NUMBER
System control number (OCoLC)ocm55807997
-- (BD-RjUL)37090
040 ## - CATALOGING SOURCE
Original cataloging agency OHX
Transcribing agency OHX
Modifying agency OCLCQ
-- ORU
-- BAKER
-- DLC
-- BD-RjUL
Language of cataloging eng
041 ## - LANGUAGE CODE
Language code of text/sound track or separate title eng
072 #7 - SUBJECT CATEGORY CODE
Subject category code QL
Source lcco
082 00 - DEWEY DECIMAL CLASSIFICATION NUMBER
Classification number 632.7
Edition number 22
Author mark and year INS 2005
245 00 - TITLE STATEMENT
Title Insects as natural enemies :
Remainder of title a practical perspective /
Statement of responsibility, etc. edited by Mark A. Jervis.
260 ## - PUBLICATION, DISTRIBUTION, ETC. (IMPRINT)
Place of publication, distribution, etc. Dordrecht, The Netherlands ;
-- New York :
Name of publisher, distributor, etc. Springer,
Date of publication, distribution, etc. c2005.
300 ## - PHYSICAL DESCRIPTION
Pagination xiv, 748 p. :
Illustrations ill. ;
Size 27 cm.
504 ## - BIBLIOGRAPHY, ETC. NOTE
Bibliography, etc Includes bibliographical references (p. [551]-686) and indexes.
650 #0 - SUBJECT ADDED ENTRY--TOPICAL TERM
Topical term or geographic name as entry element Parasitoids.
9 (RLIN) 113020
Topical term or geographic name as entry element Parasitic insects.
9 (RLIN) 113021
Topical term or geographic name as entry element Insects
General subdivision Parasites.
9 (RLIN) 113022
700 1# - ADDED ENTRY--PERSONAL NAME
Personal name Jervis, Mark.
942 ## - ADDED ENTRY ELEMENTS (KOHA)
Source of classification or shelving scheme Dewey Decimal Classification
Koha item type Books
Holdings
Lost status Source of classification or shelving scheme Damaged status Not for loan Collection code Permanent Location Current Location Shelving location Date acquired Source of acquisition Cost, normal purchase price Total Checkouts Full call number Date last seen Copy number Koha item type
  Dewey Decimal Classification   Not For Loan Non-fiction Institute of Biological Sciences (IBSc) Library Institute of Biological Sciences (IBSc) Library   29/09/2014 Paragon 15500.00   632.7 INS 2005 29/09/2014 C-1 Books